| 000 | 00526cam a2200205ua 4500 | ||
|---|---|---|---|
| 020 | _c1.75 | ||
| 041 |
_amal _h |
||
| 082 |
_a928.94812 _bKUN/NA |
||
| 100 | _aKunhukrishnan, Pallippattu . | ||
| 245 |
_aNammude sahithyakaranmar, vol- 4 / _cPallippattu Kunnukrishnan. _hTextual Documents |
||
| 250 |
_a1 / _b. |
||
| 260 |
_aKottayam : _bNational Book Stall , _c1960. |
||
| 300 | _a135 ; . | ||
| 365 | _a1.75 | ||
| 504 | _a | ||
| 942 | _cBK | ||
| 999 |
_c3899 _d3899 |
||